000 00530cam a2200145 4500500
005 20251012021534.0
041 _afre
042 _adc
100 1 0 _aSalin, Dominique
_eauthor
245 0 0 _aFrançoise Chêneau (dir.), LA BIBLE DES PAUVRES Préface de Christian Heck, Saint-Léger éditions, 2021, 220 p., 26 €.
260 _c2022.
500 _a89
786 0 _nChristus | º275 | 3 | 2022-07-01 | p. 121-122 | 0009-5834
856 4 1 _uhttps://shs.cairn.info/revue-christus-2022-3-page-121?lang=fr&redirect-ssocas=7080
999 _c1538684
_d1538684